Políticas comparadas de educación superior en américa latina
Tallennettuna:
| Aineistotyyppi: | Kirja |
|---|---|
| Kieli: | espanja |
| Julkaistu: |
Santiago
Flacso
1993
|
| Aiheet: | |
| Tagit: |
Lisää tagi
Ei tageja, Lisää ensimmäinen tagi!
|
MARC
| LEADER | 00000nam a2200000 a 4500 | ||
|---|---|---|---|
| 001 | UCY7875 | ||
| 003 | CL-VaPUC | ||
| 008 | 950622e19930000CL |||||||||||||||||spa|d | ||
| 082 | 0 | 4 | |a 378.98 |b POL |2 21 |
| 245 | 1 | 0 | |a Políticas comparadas de educación superior en américa latina |
| 300 | |a 396 p | ||
| 942 | |c BK | ||
| 945 | |d 19950622 00:00:00 |a rbrito | ||
| 260 | |a Santiago |b Flacso |c 1993 | ||
| 650 | 0 | |a Educación superior |9 223851 | |
| 650 | 0 | |a Aspectos económicos |9 255165 | |
| 650 | 0 | |a Política educacional |9 308011 | |
| 651 | 7 | |a CHILE |2 CL-VaPUC |9 338741 | |
| 651 | 0 | |a Colombia |9 256424 | |
| 651 | 0 | |a Brasil |9 267393 | |
| 651 | 0 | |a Argentina |9 254888 | |
| 583 | |a last modification |c 19950622 00:00:00 |k Rodrigo Vera | ||
| 999 | |c 235176 |d 235174 | ||
| 952 | |0 0 |1 0 |4 0 |6 378_980000000000000_POL_1993 |7 0 |8 A |9 242394 |a BIBEDU |b BIBEDU |d 2019-11-18 |i 3095835 |o 378.98 POL 1993 |p 3095835 |r 2019-11-18 |w 2019-11-18 |y BK |k EDU | ||
| 952 | |0 0 |1 0 |4 0 |6 378_980000000000000_POL_1993 |7 0 |8 A |9 242395 |a BIBGIM |b BIBGIM |d 2019-11-18 |i 3744108 |o 378.98 POL 1993 |p 3744108 |r 2025-01-15 |w 2019-11-18 |y BK |k GIM | ||